| 000 | 00568nam a2200169 i 4500 | ||
|---|---|---|---|
| 001 | 46396 | ||
| 003 | ES-MaACL | ||
| 005 | 20230906161356.0 | ||
| 007 | t| | ||
| 008 | 030328s1970 sp ||||1| spa d | ||
| 245 | 0 | 0 |
_aConferencias de los ciclos Agrario y Ganadero / _cElviro Francés Diez. |
| 260 |
_aValladolid : _bFeria Regional de Muestras de Castilla y León, _c[1970] |
||
| 300 |
_a150 p. : _bil. ; _c24 cm. |
||
| 700 | 1 |
_aFrancés Diez, Elviro. _952149 |
|
| 711 | 2 |
_aFeria Regional de Muestras de Castilla y León. _9739 |
|
| 852 |
_aES-MaACL _jC-41772 _bR.73385 |
||
| 999 |
_c46396 _d46396 |
||